Statistiques concernant Les capitales d'Océanie

Cliquez ici pour prendre le quiz!

Statistiques générales

  • Ce quiz a été pris 75 fois
  • Le résultat moyen est 10 sur 14

Statistiques - réponses

PaysCapitale% Correct
AustralieCanberra
100%
Nouvelle-ZélandeWellington
100%
Papouasie-Nouvelle-GuinéePort Moresby
86%
SamoaApia
81%
FidjiSuva
78%
NauruYaren
73%
TongaNuku'alofa
69%
VanuatuPort-Vila
68%
TuvaluFunafuti
66%
SalomonHoniara
66%
Micronésie (États fédérés)Palikir
64%
KiribatiTarawa
63%
MarshallMajuro
54%
PalaosMelekeok
32%

Distribution des résultats

Percentile par nombre de réponses

% des personnes avec chaque résultat

Votre développement - résultats

Vous n’avez pas pris ce quiz